| 000 | 00945cam a2200289 i 4500 | ||
|---|---|---|---|
| 001 | 18337681 | ||
| 003 | EG-ScBUE | ||
| 005 | 20230328104951.0 | ||
| 008 | 141017s2016 maua f b 001 0 eng d | ||
| 020 | _a9780415718981 | ||
| 040 |
_aDLC _beng _erda _cDLC _dDLC _dEG-ScBUE |
||
| 082 | 0 | 4 |
_a778.719 _222 _bKEI |
| 100 | 1 |
_aKeimig, Lance, _eauthor. |
|
| 245 | 1 | 0 |
_aNight photography and light painting : _bfinding your way in the dark / _cLance Keimig. |
| 250 | _aSecond edition. | ||
| 264 | 1 |
_aBurlington, MA ; _aOxon : _bFocal Press / Taylor & Francis Group, _c2016. |
|
| 300 |
_axx, 247 pages : _billustrations ; _c24 cm |
||
| 336 |
_2rdacontent _atext _btxt |
||
| 337 |
_2rdamedia _aunmediated _bn |
||
| 338 |
_2rdacarrier _avolume _bnc |
||
| 504 | _aIncludes bibliographical references and index. | ||
| 650 | 7 |
_aNight photography. _2BUEsh |
|
| 651 | _2BUEsh | ||
| 653 |
_bCOMAME _cNovember2016 |
||
| 655 | _vReading book | ||
| 942 |
_2ddc _cBB |
||
| 999 |
_c23100 _d23072 |
||